| 000 | 00648nam a22002057a 4500 | ||
|---|---|---|---|
| 003 | OSt | ||
| 005 | 20260124021159.0 | ||
| 008 | 251217b |||||||| |||| 00| 0 eng d | ||
| 020 | _a971-569-264-8 | ||
| 040 |
_aDWCL Main Lib. _cOC |
||
| 082 | _aSC. 581.09599 M267d 2001 | ||
| 100 | _aMadulid, Domingo A. | ||
| 245 |
_aA dictionary of Philippine plant names, _bvolumes 1 & 2/ _cDomingo A. Madulid |
||
| 260 |
_aMakati City : _bBookMark, _cc2001. |
||
| 300 |
_av., 781 p.; _c25 cm. |
||
| 650 | _a1. Plant names, Popular--Philippines. | ||
| 650 | _a2. Plants--Dictionaries. | ||
| 650 | _a3. Botany--Nomenclature. | ||
| 942 |
_2ddc _cSC _kSC. _n0 |
||
| 999 |
_c7160 _d7160 |
||